000 00426nam a22001817a 4500
005 20260530151219.0
008 260530b |||||||| |||| 00| 0 eng d
020 _a9783110703214
_c2640.71
040 _aMAIN
041 _aEnglish
082 _a177
_bWIE
100 _aWiertz, Svenja
_926952
245 _aFreundschaft
260 _aBerlin
_bDe Gruyter
_c2020
300 _a178
650 _aGerman Language
942 _cBK
999 _c60930
_d60930